00000000nam 2200000zi 4500
0019.924092
003CaOODSP
00520240625164345
006m     o  d f      
007cr |n|||||||||
008230124s1967    onc     ob   f000 0 eng d
040 |aCaOODSP|beng|erda|cCaOODSP
043 |an-cn---
0861 |aCW66-1132/1967E-PDF
24500|aBreeding bird survey - Maritimes, 1967.
264 1|a[Ottawa] : |b[Canadian Wildlife Service], |c[1967]
300 |a1 online resource (16 pages, 8 unnumbered pages) : |bmap
336 |atext|btxt|2rdacontent
337 |acomputer|bc|2rdamedia
338 |aonline resource|bcr|2rdacarrier
500 |aDigitized edition from print [produced by Environment and Climate Change Canada].
504 |aIncludes bibliographical references (page 16).
650 0|aBird surveys|zMaritime Provinces.
650 0|aBird populations|zMaritime Provinces.
650 6|aOiseaux|xInventaires|zProvinces maritimes.
650 6|aOiseaux|xPopulations|zProvinces maritimes.
7102 |aCanadian Wildlife Service, |eissuing body.
85640|qPDF|s6.43 MB|uhttps://publications.gc.ca/collections/collection_2024/eccc/cw66/CW66-1132-1967-eng.pdf